Curriculum in the Modern School. (Record no. 971)

MARC details
000 -LEADER
fixed length control field 00371nam a22001217a 4500
005 - DATE AND TIME OF LATEST TRANSACTION
control field 20200820134412.0
008 - FIXED-LENGTH DATA ELEMENTS--GENERAL INFORMATION
fixed length control field 200820b ||||| |||| 00| 0 eng d
020 ## - INTERNATIONAL STANDARD BOOK NUMBER
International Standard Book Number 18682
040 ## - CATALOGING SOURCE
Transcribing agency CML
245 ## - TITLE STATEMENT
Title Curriculum in the Modern School.
Statement of responsibility, etc. Beck, R.H.
260 ## - PUBLICATION, DISTRIBUTION, ETC.
Place of publication, distribution, etc. Englewood Cliffs, N.J.
Name of publisher, distributor, etc. Prentice, Hall, Inc.
Date of publication, distribution, etc. 1960
942 ## - ADDED ENTRY ELEMENTS (KOHA)
Source of classification or shelving scheme Dewey Decimal Classification
Koha item type Books
Edition 2nd Edition
Classification part 375
Call number suffix BEC
Holdings
Withdrawn status Lost status Source of classification or shelving scheme Damaged status Not for loan Collection code Home library Current library Shelving location Date acquired Total Checkouts Full call number Date last seen Copy number Price effective from Koha item type
    Dewey Decimal Classification     Social Sciences Chalimbana Main Library Chalimbana Main Library Social Sciences 08/20/2020   375 BEC 08/20/2020 1 08/20/2020 Books

Powered by Koha